000 00537nam a2200193Ia 4500
005 20250508162613.0
008 008 250505s9999 xx 000 0 eng d
020 _a81-202-0153-1
037 _aTextual
040 _aFEDL
_beng
_cFEDL
041 _aeng
_2eng
084 _a320.954, ENG
_qFEDL
100 _aEngineer Asghar Ali Ed.
245 0 _aCommunalism in India
260 _aDelhi, India
_bAjanta Books International
_c1985
300 _axii,218p.
942 _cTEXL
_h320.954, ENG
999 _c1377594
_d1377594